[Event "Chessemy Open 2022"]
[Site "Reinstorf"]
[Date "2022.02.06"]
[Round "9.5"]
[White "Mis, Mieszko"]
[Black "Zaragatski, Ilja"]
[Result "0-1"]
[WhiteElo "2417"]
[BlackElo "2509"]
[Annotator "TA"]
[PlyCount "70"]
[EventDate "2022.01.29"]
[EventType "swiss"]
[EventCountry "GER"]
[SourceTitle "playchess.com"]
[Source "ChessBase"]
[SourceQuality "1"]

1. d4 d5 2. c4 e6 3. Nc3 Nf6 4. Nf3 Be7 5. g3 O-O 6. Bg2 c6 7. O-O a5 8. b3 b6 9. Nd2 Ba6 10. Bb2 b5 11. c5 b4 12. Na4 Nbd7 13. Re1 Bb5 14. e4 dxe4 15. Nxe4 Nxe4 16. Bxe4 Qc7 17. Qc2 g6 18. h4 f5 19. Bd3 f4 20. Rxe6 fxg3 21. Rxe7 Rf3 22. Bc4+ Bxc4 23. Qxc4+ Kf8 24. Re2 gxf2+ 25. Rxf2 Rxf2 26. Kxf2 Qh2+ 27. Kf1 Re8 28. Qd3 Re7 29. d5 Rf7+ 30. Ke1 Qg1+ 31. Kd2 Rf2+ 32. Ke3 Qg3+ 33. Kd4 Qe5+ 34. Kc4 Qf4+ 35. Bd4 Ne5# 0-1

[Event "Chessemy Open 2022"]
[Site "Reinstorf"]
[Date "2022.02.06"]
[Round "9.5"]
[White "Muedder, Melanie"]
[Black "Neves, Carlos Alberto Brasi"]
[Result "1/2-1/2"]
[WhiteElo "1788"]
[BlackElo "1914"]
[Annotator "NA"]
[PlyCount "66"]
[EventDate "2022.01.29"]
[EventType "swiss"]
[EventCountry "GER"]
[SourceTitle "playchess.com"]
[Source "ChessBase"]
[SourceQuality "1"]

1. e4 c5 2. Nf3 Nc6 3. d4 cxd4 4. Nxd4 g6 5. Nc3 Bg7 6. Nb3 Nf6 7. Be2 O-O 8. O-O d6 9. Re1 Be6 10. Bg5 d5 11. Bxf6 Bxf6 12. Nxd5 Bxb2 13. Rb1 Bg7 14. Nc5 Bxd5 15. Nxb7 Qc7 16. Qxd5 Nd4 17. Bd3 Rab8 18. Nc5 Rxb1 19. Rxb1 e6 20. Qc4 Rc8 21. c3 Nf3+ 22. gxf3 Qxc5 23. Qxc5 Rxc5 24. Rb8+ Bf8 25. c4 Ra5 26. Bb1 Rc5 27. Bd3 Ra5 28. Bb1 Rc5 29. Bd3 Ra5 30. Rb2 Bg7 31. Rd2 Rg5+ 32. Kf1 Rh5 33. Kg1 Rg5+ 1/2-1/2

[Event "Chessemy Open 2022"]
[Site "Reinstorf"]
[Date "2022.02.06"]
[Round "9.6"]
[White "Lubbe, Nikolas"]
[Black "Baum, Jonasz"]
[Result "1-0"]
[WhiteElo "2433"]
[BlackElo "2287"]
[Annotator "TA"]
[PlyCount "53"]
[EventDate "2022.01.29"]
[EventType "swiss"]
[EventCountry "GER"]
[SourceTitle "playchess.com"]
[Source "ChessBase"]
[SourceQuality "1"]

1. d4 Nf6 2. Nf3 d5 3. c4 e6 4. e3 Be7 5. b3 O-O 6. Bd3 dxc4 7. bxc4 c5 8. O-O Nc6 9. Bb2 b6 10. Nbd2 Bb7 11. Rc1 Qc7 12. Qe2 Rfd8 13. Rfd1 Rac8 14. Nf1 cxd4 15. exd4 Qf4 16. Bb1 Na5 17. d5 Rxc4 18. g3 Qg4 19. Bxf6 Rxc1 20. Bxe7 Rxd1 21. Qxd1 Rd7 22. Ne3 Qh5 23. g4 Qh6 24. Bg5 Qh3 25. Qa4 Nc6 26. dxc6 Qxf3 27. Be4 1-0

[Event "Chessemy Open 2022"]
[Site "Reinstorf"]
[Date "2022.02.06"]
[Round "9.6"]
[White "Niemann, Leon"]
[Black "Skytte, Robert"]
[Result "1-0"]
[WhiteElo "1804"]
[BlackElo "1180"]
[Annotator "NA"]
[PlyCount "39"]
[EventDate "2022.01.29"]
[EventType "swiss"]
[EventCountry "GER"]
[SourceTitle "playchess.com"]
[Source "ChessBase"]
[SourceQuality "1"]

1. e4 c6 2. d4 d5 3. exd5 cxd5 4. Bd3 Nc6 5. c3 Qc7 6. Ne2 Nf6 7. Bf4 Qb6 8. Qc2 Bg4 9. O-O Bxe2 10. Qxe2 e6 11. h4 h5 12. Re1 O-O-O 13. a4 a5 14. Na3 Bxa3 15. Rxa3 Ng4 16. Raa1 g6 17. Qd2 Rhe8 18. f3 Nxd4 19. cxd4 Qxd4+ 20. Kf1 1-0

[Event "Chessemy Open 2022"]
[Site "Reinstorf"]
[Date "2022.02.06"]
[Round "9.7"]
[White "Schulze, Lara"]
[Black "Koellner, Ruben Gideon"]
[Result "0-1"]
[WhiteElo "2282"]
[BlackElo "2428"]
[Annotator "TA"]
[PlyCount "86"]
[EventDate "2022.01.29"]
[EventType "swiss"]
[EventCountry "GER"]
[SourceTitle "playchess.com"]
[Source "ChessBase"]
[SourceQuality "1"]

1. e4 d6 2. d4 Nf6 3. Nc3 e5 4. Nge2 c6 5. a4 a5 6. g3 Be7 7. Bg2 Na6 8. O-O O-O 9. h3 Nb4 10. b3 Qc7 11. Bb2 Re8 12. Na2 Bf8 13. c4 exd4 14. Nxb4 axb4 15. Qxd4 Nd7 16. Rad1 f5 17. Nc1 Nc5 18. exf5 Bxf5 19. Qd2 Ne4 20. Qf4 Bg6 21. Nd3 Qb6 22. Bxe4 Rxe4 23. Qd2 Rae8 24. Nf4 Bf7 25. Rfe1 Qa5 26. Rxe4 Rxe4 27. Ba3 d5 28. cxd5 Rxf4 29. gxf4 Bxd5 30. Bb2 Bxb3 31. Re1 Qf5 32. Qe3 Bd5 33. Kh2 c5 34. Rg1 Qe4 35. Qg3 Qf3 36. Qh4 g6 37. Be5 Be7 38. Rxg6+ hxg6 39. Qh8+ Kf7 40. Qg7+ Ke8 41. Qxg6+ Kd7 42. Qg4+ Qxg4 43. hxg4 Bd6 0-1

[Event "Chessemy Open 2022"]
[Site "Reinstorf"]
[Date "2022.02.06"]
[Round "9.8"]
[White "Vypkhaniuk, Ihor"]
[Black "Redzisz, Michal"]
[Result "1-0"]
[WhiteElo "2426"]
[BlackElo "2261"]
[Annotator "TA"]
[PlyCount "69"]
[EventDate "2022.01.29"]
[EventType "swiss"]
[EventCountry "GER"]
[SourceTitle "playchess.com"]
[Source "ChessBase"]
[SourceQuality "1"]

1. d4 Nf6 2. c4 e6 3. g3 d5 4. Bg2 Bb4+ 5. Nc3 O-O 6. Nf3 b6 7. cxd5 Nxd5 8. O-O Bb7 9. Qc2 Be7 10. Nxd5 Bxd5 11. Bf4 Na6 12. a3 c5 13. e4 Bb7 14. d5 exd5 15. exd5 Bf6 16. d6 Qd7 17. Rad1 Rae8 18. Rfe1 Nb8 19. b4 cxb4 20. Rxe8 Rxe8 21. axb4 a5 22. Qc7 axb4 23. Qxb6 Bc3 24. Nd4 Bxg2 25. Kxg2 h6 26. Nb5 g5 27. Be3 Qg4 28. Nxc3 bxc3 29. Rd4 Qf5 30. g4 Qc8 31. Qc7 Rd8 32. Rc4 Qd7 33. Kh3 Kg7 34. Bb6 Qe6 35. Bd4+ 1-0

[Event "Chessemy Open 2022"]
[Site "Reinstorf"]
[Date "2022.02.06"]
[Round "9.8"]
[White "Buchinger, Alexis"]
[Black "Launert, Martin"]
[Result "1-0"]
[WhiteElo "1509"]
[BlackElo "1790"]
[Annotator "NA RC"]
[PlyCount "44"]
[EventDate "2022.01.29"]
[EventType "swiss"]
[EventCountry "GER"]
[SourceTitle "playchess.com"]
[Source "ChessBase"]
[SourceQuality "1"]

1. e4 e5 2. Nf3 Nc6 3. Bc4 Bc5 4. c3 Nf6 5. d3 d6 6. O-O h6 7. Re1 O-O 8. a4 a5 9. Bb3 Bd7 10. Nbd2 Ne7 11. Nf1 c6 12. d4 exd4 13. cxd4 Bb4 14. Bd2 Bxd2 15. Qxd2 d5 16. e5 Ne4 17. Qe2 Ng6 18. Ng3 Ng5 19. Nxg5 Qxg5 20. Qf3 Nf4 21. Ne2 Nh3+ 22. Kh1 Bg4 1-0

[Event "Chessemy Open 2022"]
[Site "Reinstorf"]
[Date "2022.02.06"]
[Round "9.9"]
[White "Budzyn, Matthias"]
[Black "Bracker, Frank"]
[Result "1/2-1/2"]
[WhiteElo "2139"]
[BlackElo "2371"]
[Annotator "TA"]
[PlyCount "129"]
[EventDate "2022.01.29"]
[EventType "swiss"]
[EventCountry "GER"]
[SourceTitle "playchess.com"]
[Source "ChessBase"]
[SourceQuality "1"]

1. e4 e5 2. Nf3 Nc6 3. Bc4 Bc5 4. c3 Nf6 5. d3 d6 6. O-O h6 7. Bb3 O-O 8. h3 a5 9. d4 Bb6 10. Re1 Re8 11. dxe5 Nxe5 12. Nxe5 Rxe5 13. Be3 Rxe4 14. Nd2 Re8 15. Bxb6 Rxe1+ 16. Qxe1 cxb6 17. Rd1 a4 18. Bc4 Bf5 19. Nf3 Qc7 20. Bb5 a3 21. bxa3 Rxa3 22. Nd4 Be4 23. Bd3 Bxd3 24. Rxd3 Qc4 25. Rg3 Qxa2 26. Kh2 Ra5 27. Qe7 Rg5 28. Qxd6 Qxf2 29. Rxg5 hxg5 30. Qb8+ Kh7 31. Qxb7 g4 32. hxg4 Qh4+ 33. Kg1 Qe1+ 34. Kh2 Qxc3 35. Nf3 Nxg4+ 36. Kg3 Ne5 37. Qxb6 Nxf3 38. Qb1+ Kh6 39. gxf3 g5 40. Qe4 f6 41. Qa8 Qe5+ 42. Kg2 Kg7 43. Qb7+ Kg6 44. Qa8 Qe6 45. Qb7 f5 46. Qa8 Qe2+ 47. Kg1 Qe6 48. Kg2 f4 49. Kf2 g4 50. fxg4 Qe3+ 51. Kf1 f3 52. Qg8+ Kf6 53. Qh8+ Kf7 54. Qh7+ Ke6 55. Qg6+ Kd7 56. Qf5+ Ke8 57. Qg6+ Kf8 58. Qf6+ Kg8 59. Qg6+ Kh8 60. Qf6+ Kg8 61. Qg6+ Kf8 62. Qf6+ Ke8 63. Qg6+ Kd7 64. Qf5+ Kd6 65. Qf6+ 1/2-1/2

[Event "Chessemy Open 2022"]
[Site "Reinstorf"]
[Date "2022.02.06"]
[Round "9.9"]
[White "Kewe, Stefan"]
[Black "Brandt, Wolfgang"]
[Result "0-1"]
[WhiteElo "1814"]
[BlackElo "1607"]
[Annotator "NA"]
[PlyCount "124"]
[EventDate "2022.01.29"]
[EventType "swiss"]
[EventCountry "GER"]
[SourceTitle "playchess.com"]
[Source "ChessBase"]
[SourceQuality "1"]

1. d4 Nf6 2. Nf3 g6 3. g3 Bg7 4. Bg2 d6 5. O-O O-O 6. c4 Nbd7 7. Nc3 Re8 8. e4 e5 9. h3 b6 10. Be3 c5 11. d5 a6 12. Ne1 Rb8 13. a4 Nf8 14. Nd3 Bd7 15. b4 a5 16. bxc5 bxc5 17. Nb5 Bxb5 18. axb5 N6d7 19. Bd2 Ra8 20. Nb2 f5 21. Qe1 fxe4 22. Bxe4 Nf6 23. Bg2 e4 24. Bxa5 Qe7 25. Ra2 e3 26. Qxe3 Qxe3 27. fxe3 Rxe3 28. Rfa1 N6d7 29. Bc7 Rxa2 30. Rxa2 Re2 31. h4 Rxb2 32. Ra8 Rb1+ 33. Kh2 Be5 34. Ra6 Rc1 35. Bxd6 Bxd6 36. Rxd6 Rxc4 37. Rc6 Rb4 38. Bf1 Kf7 39. Bd3 Rd4 40. Bf1 Ke7 41. Bg2 Rd1 42. b6 Rb1 43. d6+ Kd8 44. b7 Rxb7 45. Ra6 Rb8 46. Bd5 Ne5 47. h5 c4 48. hxg6 hxg6 49. Ra7 Nfd7 50. Ra3 Nf6 51. Be6 Ne4 52. Ra7 Nxd6 53. Bxc4 Ndxc4 54. Rg7 Kc8 55. Rg8+ Kb7 56. Rxb8+ Kxb8 57. Kh3 Kc7 58. Kh4 Kd7 59. Kg5 Ke6 60. g4 Nd6 61. Kh4 Ne4 62. g5 Kf5 0-1

[Event "Chessemy Open 2022"]
[Site "Reinstorf"]
[Date "2022.02.06"]
[Round "9.10"]
[White "Reichmann, Hendrik"]
[Black "Ermitsch, Magnus"]
[Result "1-0"]
[WhiteElo "2345"]
[BlackElo "2127"]
[Annotator "RC"]
[PlyCount "57"]
[EventDate "2022.01.29"]
[EventType "swiss"]
[EventCountry "GER"]
[SourceTitle "playchess.com"]
[Source "ChessBase"]
[SourceQuality "1"]

1. d4 Nf6 2. Nf3 c5 3. e3 e6 4. Bd3 b6 5. O-O Nc6 6. c4 Bb7 7. Nc3 d6 8. d5 Nb4 9. Be2 e5 10. a3 Na6 11. Nd2 g6 12. f4 exf4 13. Nde4 Nxe4 14. Nxe4 Be7 15. exf4 Qd7 16. f5 gxf5 17. Ng3 O-O-O 18. Nxf5 Kb8 19. Bg4 Qc7 20. Nh6 Rdf8 21. Nxf7 Rhg8 22. Be6 Bc8 23. Bf4 Rg6 24. Qe2 Bxe6 25. dxe6 Qc6 26. Rad1 Nc7 27. Bxd6 Rxe6 28. Qxe6 Bxd6 29. Qxd6 1-0

[Event "Chessemy Open 2022"]
[Site "Reinstorf"]
[Date "2022.02.06"]
[Round "9.10"]
[White "Kreusch, Frank"]
[Black "Bergmann, Paul"]
[Result "1-0"]
[WhiteElo "1789"]
[BlackElo "1401"]
[Annotator "NA"]
[PlyCount "39"]
[EventDate "2022.01.29"]
[EventType "swiss"]
[EventCountry "GER"]
[SourceTitle "playchess.com"]
[Source "ChessBase"]
[SourceQuality "1"]

1. e4 c5 2. Nf3 g6 3. d4 Bg7 4. dxc5 Qa5+ 5. Bd2 Qxc5 6. Nc3 d6 7. Bd3 Bd7 8. h4 e6 9. h5 Bh6 10. Bxh6 Nxh6 11. hxg6 hxg6 12. Qd2 g5 13. Nxg5 f6 14. Nxe6 Bxe6 15. Rxh6 Rf8 16. O-O-O Nc6 17. Nd5 O-O-O 18. b4 Nxb4 19. Nxb4 a5 20. Nd5 1-0

[Event "Chessemy Open 2022"]
[Site "Reinstorf"]
[Date "2022.02.06"]
[Round "9.11"]
[White "Kugler, Florian"]
[Black "Colbow, Collin"]
[Result "1/2-1/2"]
[WhiteElo "2222"]
[BlackElo "2322"]
[Annotator "RC"]
[PlyCount "101"]
[EventDate "2022.01.29"]
[EventType "swiss"]
[EventCountry "GER"]
[SourceTitle "playchess.com"]
[Source "ChessBase"]
[SourceQuality "1"]

1. d4 Nf6 2. Nf3 e6 3. g3 c5 4. Bg2 cxd4 5. Nxd4 d5 6. O-O e5 7. Nb3 Be6 8. c4 Nc6 9. cxd5 Bxd5 10. Nc3 Bxg2 11. Kxg2 h6 12. e4 Bb4 13. Qf3 Bxc3 14. bxc3 O-O 15. Ba3 Re8 16. Rfd1 Qc8 17. Rd6 Re6 18. Rd3 b6 19. Qe2 a5 20. Rad1 a4 21. Na1 Qa6 22. Nc2 Kh7 23. f3 Rd8 24. Kf2 Rxd3 25. Qxd3 Qxd3 26. Rxd3 Na5 27. Ne3 Rc6 28. Bb4 Nb7 29. Ke2 Nc5 30. Bxc5 Rxc5 31. Kd2 Rc6 32. Rd8 b5 33. Nd5 Nxd5 34. Rxd5 Rb6 35. Rxe5 b4 36. Ra5 Rd6+ 37. Kc2 Rc6 38. Rxa4 Rxc3+ 39. Kb2 Rxf3 40. Rxb4 Rf2+ 41. Kb3 Rxh2 42. a4 Rh3 43. a5 Rxg3+ 44. Ka4 Rd3 45. a6 Rd8 46. Ka5 Ra8 47. Rb5 g5 48. Kb6 Kg6 49. Kb7 Re8 50. a7 g4 51. Re5 1/2-1/2

[Event "Chessemy Open 2022"]
[Site "Reinstorf"]
[Date "2022.02.06"]
[Round "9.11"]
[White "Semling, Johannes"]
[Black "Nguyen, Bach Khoi"]
[Result "1-0"]
[WhiteElo "1765"]
[BlackElo "1086"]
[Annotator "NA"]
[PlyCount "83"]
[EventDate "2022.01.29"]
[EventType "swiss"]
[EventCountry "GER"]
[SourceTitle "playchess.com"]
[Source "ChessBase"]
[SourceQuality "1"]

1. e4 e5 2. Nf3 Nc6 3. Bb5 Nf6 4. O-O a6 5. Ba4 Be7 6. Re1 b5 7. Bb3 O-O 8. a4 Bb7 9. d3 d6 10. c3 Re8 11. Nbd2 h6 12. Nf1 Qd7 13. Ng3 Bf8 14. h3 g6 15. Nh2 Nd8 16. f4 exf4 17. Bxf4 Ne6 18. Be3 c5 19. Rf1 Qe7 20. Ng4 Nxg4 21. Qxg4 Bc8 22. Nf5 Qd8 23. Nxh6+ Bxh6 24. Bxh6 c4 25. dxc4 Nc5 26. Qd1 bxa4 27. Bxa4 Rxe4 28. Bc6 Rh4 29. Bxa8 Rxh6 30. Qf3 Be6 31. Bd5 Bf5 32. Rad1 Qg5 33. Kh1 Nd7 34. Qf4 Qh5 35. Bf3 Qh4 36. Qxh4 Rxh4 37. Rd4 Rxd4 38. cxd4 Kf8 39. b4 Ke7 40. c5 dxc5 41. bxc5 Kd8 42. Kg1 1-0

[Event "Chessemy Open 2022"]
[Site "Reinstorf"]
[Date "2022.02.06"]
[Round "9.12"]
[White "Lubbe, Melanie"]
[Black "Gohla, Ulf"]
[Result "1-0"]
[WhiteElo "2297"]
[BlackElo "2139"]
[Annotator "ChessBase"]
[PlyCount "93"]
[EventDate "2022.01.29"]
[EventType "swiss"]
[EventCountry "GER"]
[SourceTitle "playchess.com"]
[Source "ChessBase"]
[SourceQuality "1"]

1. e4 e5 2. Nf3 Nc6 3. Bc4 Bc5 4. c3 Nf6 5. d3 a6 6. O-O O-O 7. a4 d6 8. Re1 Ba7 9. Bg5 Ne7 10. h3 Ng6 11. Nh4 Nxh4 12. Bxh4 h6 13. Nd2 g5 14. Bg3 Kg7 15. d4 exd4 16. e5 Ng8 17. exd6 cxd6 18. Nf3 d5 19. Bb3 dxc3 20. bxc3 Ne7 21. Nd4 Nc6 22. Qf3 Bb8 23. Bxb8 Rxb8 24. Bxd5 Nxd4 25. cxd4 Qf6 26. Qg3 Bf5 27. Re5 Bg6 28. Rc1 b5 29. Rc6 Qd8 30. Rxa6 bxa4 31. Qf3 Rb1+ 32. Kh2 Rb6 33. Rxa4 Qb8 34. g3 Rf6 35. Qe3 Qb2 36. Ra2 Qb1 37. Rd2 Rd8 38. Bg2 Rfd6 39. d5 Qb5 40. Qd4 f6 41. Re7+ Bf7 42. Rb2 Qa6 43. Rbb7 Rf8 44. Bf3 Kg8 45. Bh5 Qxb7 46. Rxb7 Bxh5 47. Qa7 1-0

[Event "Chessemy Open 2022"]
[Site "Reinstorf"]
[Date "2022.02.06"]
[Round "9.12"]
[White "Werther, Jens"]
[Black "Semling, Julius"]
[Result "1-0"]
[WhiteElo "1699"]
[BlackElo "1515"]
[Annotator "NA"]
[PlyCount "115"]
[EventDate "2022.01.29"]
[EventType "swiss"]
[EventCountry "GER"]
[SourceTitle "playchess.com"]
[Source "ChessBase"]
[SourceQuality "1"]

1. d4 d5 2. Nf3 c6 3. e3 e6 4. Bd3 Bd6 5. b3 Qe7 6. O-O f5 7. Bb2 Nf6 8. Qc1 O-O 9. Ba3 Bxa3 10. Qxa3 Qxa3 11. Nxa3 Nbd7 12. c4 Ne4 13. b4 a5 14. b5 c5 15. Rac1 b6 16. Nb1 Bb7 17. a4 e5 18. Nxe5 Nxe5 19. dxe5 f4 20. cxd5 Bxd5 21. Bc4 Rad8 22. f3 Ng5 23. e4 Bxc4 24. Rxc4 Ne6 25. Nc3 Nc7 26. Nd5 Nxd5 27. exd5 Rxd5 28. Re1 Re8 29. e6 Rd6 30. e7 g5 31. h4 h6 32. hxg5 hxg5 33. Re5 Rg6 34. Rce4 Kf7 35. Rf5+ Rf6 36. Rfe5 Rg6 37. Kf2 Rf6 38. Ke2 Kg6 39. Rd5 Rf7 40. Rd6+ Rf6 41. Rd8 Kf7 42. Rxe8 Kxe8 43. Kd3 Rd6+ 44. Kc3 Rh6 45. Re5 Rd6 46. Rxg5 Kxe7 47. Re5+ Re6 48. Re4 Rxe4 49. fxe4 Ke6 50. Kc4 Ke5 51. Kd3 c4+ 52. Kc3 Kxe4 53. Kxc4 Ke3 54. Kd5 Kf2 55. Ke4 Kg3 56. Kf5 Kxg2 57. Kxf4 Kf2 58. Ke4 1-0

[Event "Chessemy Open 2022"]
[Site "Reinstorf"]
[Date "2022.02.06"]
[Round "9.14"]
[White "Ewert, Hannes"]
[Black "Labruyere, Roger"]
[Result "1-0"]
[WhiteElo "2274"]
[BlackElo "2024"]
[Annotator "TA"]
[PlyCount "233"]
[EventDate "2022.01.29"]
[EventType "swiss"]
[EventCountry "GER"]
[SourceTitle "playchess.com"]
[Source "ChessBase"]
[SourceQuality "1"]

1. d4 d5 2. c4 e6 3. Nf3 Nf6 4. g3 Be7 5. Bg2 O-O 6. Qc2 a6 7. Nbd2 dxc4 8. Nxc4 b5 9. Nce5 Bb7 10. O-O Be4 11. Qb3 Bd5 12. Qd3 Be4 13. Qe3 Nbd7 14. Nxd7 Qxd7 15. Ne5 Qd5 16. f3 Bf5 17. Qf2 Qb7 18. e4 Bg6 19. Be3 Rfd8 20. Rac1 Bf8 21. Rc2 Rac8 22. Rfc1 Re8 23. Qe1 Nd5 24. exd5 Bxc2 25. Rxc2 exd5 26. Qc3 b4 27. Qd2 c5 28. f4 cxd4 29. Bxd4 b3 30. Rxc8 Rxc8 31. axb3 Qxb3 32. Nd3 Qa4 33. Bf2 Qa1+ 34. Bf1 Qa2 35. Kg2 a5 36. Be2 a4 37. Qd1 a3 38. bxa3 Rc2 39. Bf1 Bxa3 40. Qf3 Qb3 41. f5 Be7 42. Nf4 Qa2 43. Kg1 Bc5 44. Bxc5 Rxc5 45. Qe3 Rc8 46. f6 gxf6 47. Nh5 Qb2 48. h3 Kh8 49. Qf4 Rg8 50. g4 Qe5 51. Qxf6+ Qxf6 52. Nxf6 Rg5 53. Bd3 h5 54. Bf5 hxg4 55. hxg4 Kg7 56. Nxd5 Kh6 57. Kg2 Rg8 58. Kg3 Kg5 59. Nf4 Ra8 60. Nh3+ Kh6 61. Kf4 f6 62. Be4 Ra5 63. Nf2 Kg7 64. Nd1 Re5 65. Ne3 Ra5 66. Bb7 Ra4+ 67. Kf5 Ra5+ 68. Bd5 Ra1 69. Be4 Ra5+ 70. Nd5 Rb5 71. Ke6 Ra5 72. Bd3 Ra3 73. Nf4 Rb3 74. Kf5 Rb2 75. Nh5+ Kf7 76. Bc4+ Ke7 77. Kg6 Rc2 78. Bd3 Rc6 79. Bf5 Ra6 80. Kg7 Kd6 81. Kxf6 Kd5+ 82. Kg5 Ke5 83. Nf4 Ra8 84. Ng6+ Kd6 85. Kf6 Ra1 86. Nf8 Rg1 87. g5 Rxg5 88. Kxg5 Kc5 89. Ne6+ Kb4 90. Kf4 Kc3 91. Ke3 Kb2 92. Kd4 Ka2 93. Kc3 Ka1 94. Nd4 Ka2 95. Nc2 Kb1 96. Be6 Kc1 97. Ba2 Kd1 98. Nd4 Ke1 99. Kd3 Kf2 100. Ne2 Kf3 101. Be6 Kf2 102. Bg4 Ke1 103. Ng3 Kf2 104. Ne4+ Ke1 105. Ke3 Kf1 106. Bf3 Ke1 107. Nf2 Kf1 108. Nd3 Kg1 109. Be2 Kg2 110. Kf4 Kh3 111. Ne1 Kh4 112. Ng2+ Kh3 113. Bf3 Kh2 114. Kg4 Kg1 115. Kg3 Kf1 116. Bg4 Kg1 117. Be2 1-0

[Event "Chessemy Open 2022"]
[Site "Reinstorf"]
[Date "2022.02.06"]
[Round "9.14"]
[White "Wraga, Teresa"]
[Black "Cordsen, Heinrich"]
[Result "1/2-1/2"]
[WhiteElo "1562"]
[BlackElo "1685"]
[Annotator "NA"]
[PlyCount "24"]
[EventDate "2022.01.29"]
[EventType "swiss"]
[EventCountry "GER"]
[SourceTitle "playchess.com"]
[Source "ChessBase"]
[SourceQuality "1"]

1. e4 e6 2. d3 d5 3. Nd2 Nf6 4. Ngf3 Nc6 5. g3 dxe4 6. dxe4 e5 7. Bg2 Bc5 8. O-O O-O 9. c3 a5 10. Qc2 Be6 11. a4 Qd6 12. h3 h6 1/2-1/2

[Event "Chessemy Open 2022"]
[Site "Reinstorf"]
[Date "2022.02.06"]
[Round "9.15"]
[White "Sreyas Payyappat"]
[Black "Wolf, Andre"]
[Result "1-0"]
[WhiteElo "2250"]
[BlackElo "2121"]
[Annotator "ChessBase"]
[PlyCount "87"]
[EventDate "2022.01.29"]
[EventType "swiss"]
[EventCountry "GER"]
[SourceTitle "playchess.com"]
[Source "ChessBase"]
[SourceQuality "1"]

1. e4 e5 2. Nf3 Nc6 3. Bc4 Bc5 4. c3 Nf6 5. d4 exd4 6. e5 d5 7. Bb5 Ne4 8. cxd4 Bb6 9. Be3 O-O 10. Nc3 Bg4 11. h3 Bh5 12. Qc2 Bg6 13. Qb3 Ne7 14. O-O c6 15. Bd3 Nd2 16. Bxd2 Bxd3 17. Rfe1 Bg6 18. Bg5 h6 19. Bh4 Re8 20. Rac1 Bf5 21. Re3 Be6 22. Na4 Rb8 23. Bxe7 Rxe7 24. Nxb6 axb6 25. Ne1 Ra8 26. a3 Bf5 27. g4 Be4 28. f3 Bh7 29. f4 Be4 30. Nd3 Bxd3 31. Qxd3 Ra4 32. f5 b5 33. Rf1 Qb6 34. b4 Ra8 35. f6 Re6 36. fxg7 Kxg7 37. Ref3 Rf8 38. Qe3 Rg6 39. Kh1 Qd8 40. Rf6 Rxf6 41. Rxf6 Rh8 42. g5 h5 43. e6 fxe6 44. Qe5 1-0

[Event "Chessemy Open 2022"]
[Site "Reinstorf"]
[Date "2022.02.06"]
[Round "9.16"]
[White "Rennkamp, Johannes"]
[Black "Sayas Payyappat"]
[Result "1-0"]
[WhiteElo "1608"]
[BlackElo "1223"]
[Annotator "NA"]
[PlyCount "87"]
[EventDate "2022.01.29"]
[EventType "swiss"]
[EventCountry "GER"]
[SourceTitle "playchess.com"]
[Source "ChessBase"]
[SourceQuality "1"]

1. Nf3 d5 2. d4 Bg4 3. Ne5 Bf5 4. c4 c6 5. Nc3 Nf6 6. Qb3 Qb6 7. Qxb6 axb6 8. cxd5 cxd5 9. e3 e6 10. Bb5+ Nbd7 11. O-O Bd6 12. Nxd7 Nxd7 13. Bd2 Rd8 14. Rac1 O-O 15. a3 e5 16. Nxd5 exd4 17. exd4 Bb8 18. Ne7+ Kh8 19. Nxf5 Nf6 20. Bb4 Rg8 21. Ne7 Rgf8 22. Rfd1 Bd6 23. Bxd6 Rxd6 24. Rc8 Rxc8 25. Nxc8 Rd8 26. Nxb6 Kg8 27. f3 Kf8 28. Kf2 Ke7 29. d5 Kd6 30. Rc1 Ke5 31. d6 Kxd6 32. Rd1+ Kc7 33. Rxd8 Kxd8 34. Bc4 Ke8 35. Nd5 Nxd5 36. Bxd5 b6 37. b4 f6 38. h4 Kd7 39. h5 h6 40. g4 Kd6 41. Bc4 Ke5 42. Ke3 Kd6 43. Ke4 Kd7 44. Kf5 1-0

[Event "Chessemy Open 2022"]
[Site "Reinstorf"]
[Date "2022.02.06"]
[Round "9.17"]
[White "Muedder, Rafael"]
[Black "Stotyn, Fabian"]
[Result "0-1"]
[WhiteElo "2035"]
[BlackElo "2174"]
[Annotator "NA"]
[PlyCount "72"]
[EventDate "2022.01.29"]
[EventType "swiss"]
[EventCountry "GER"]
[SourceTitle "playchess.com"]
[Source "ChessBase"]
[SourceQuality "1"]

1. e4 c6 2. Nf3 d5 3. exd5 cxd5 4. d4 Nc6 5. c4 Nf6 6. Nc3 Bg4 7. cxd5 Nxd5 8. Bc4 e6 9. Nxd5 exd5 10. Be2 Bb4+ 11. Bd2 Bxf3 12. Bxf3 Qe7+ 13. Kf1 O-O 14. Be3 Rad8 15. g3 Ba5 16. Kg2 Qb4 17. b3 Bb6 18. a3 Qd6 19. Qd3 Rfe8 20. h4 a6 21. b4 Qd7 22. Bd1 Re4 23. Bf3 Ree8 24. Rad1 Ne7 25. Bg5 f6 26. Bc1 Rc8 27. Bb2 Ng6 28. h5 Nf8 29. Rhe1 Rxe1 30. Rxe1 Rc4 31. Re7 Qxe7 32. Bxd5+ Kh8 33. Qxc4 Qd7 34. Bf3 Ne6 35. d5 Ng5 36. h6 Qh3+ 0-1

[Event "Chessemy Open 2022"]
[Site "Reinstorf"]
[Date "2022.02.06"]
[Round "9.18"]
[White "Riering, Berthold"]
[Black "Koellner, Aaron Noah"]
[Result "0-1"]
[WhiteElo "1971"]
[BlackElo "2155"]
[Annotator "NA"]
[PlyCount "56"]
[EventDate "2022.01.29"]
[EventType "swiss"]
[EventCountry "GER"]
[SourceTitle "playchess.com"]
[Source "ChessBase"]
[SourceQuality "1"]

1. c4 e6 2. g3 d5 3. cxd5 exd5 4. Bg2 Nf6 5. Nf3 Be7 6. O-O O-O 7. d4 b6 8. Nc3 Bb7 9. b3 Re8 10. Bb2 Nbd7 11. Rc1 c5 12. e3 Ne4 13. Nxe4 dxe4 14. Nd2 f5 15. Qc2 Ba6 16. Nc4 Rc8 17. Qd2 b5 18. Na3 Ne5 19. Qe2 Nd3 20. Rb1 cxd4 21. exd4 Qa5 22. Nc2 Nxb2 23. Rxb2 b4 24. Qd2 Bxf1 25. Bxf1 Red8 26. Bc4+ Kh8 27. Ne3 Bf6 28. Nc2 Bxd4 0-1

[Event "Chessemy Open 2022"]
[Site "Reinstorf"]
[Date "2022.02.06"]
[Round "9.18"]
[White "Rick, Niklas Corvin"]
[Black "Bonatis, Reiner"]
[Result "1/2-1/2"]
[WhiteElo "1490"]
[BlackElo "1713"]
[Annotator "NA"]
[PlyCount "37"]
[EventDate "2022.01.29"]
[EventType "swiss"]
[EventCountry "GER"]
[SourceTitle "playchess.com"]
[Source "ChessBase"]
[SourceQuality "1"]

1. d4 d5 2. c4 c6 3. cxd5 cxd5 4. Nc3 Nf6 5. Bf4 a6 6. e3 e6 7. Bd3 Bd6 8. Bxd6 Qxd6 9. f4 b5 10. Rc1 Bb7 11. Nf3 Nbd7 12. Ne5 Ne4 13. Qe2 O-O 14. g4 f5 15. g5 Nxe5 16. dxe5 Qb4 17. Bxe4 fxe4 18. a3 Qa5 19. O-O 1/2-1/2

[Event "Chessemy Open 2022"]
[Site "Reinstorf"]
[Date "2022.02.06"]
[Round "9.19"]
[White "Ramme, Christoph"]
[Black "Kaeding, Rainer"]
[Result "1-0"]
[WhiteElo "2140"]
[BlackElo "2095"]
[Annotator "ChessBase"]
[PlyCount "80"]
[EventDate "2022.01.29"]
[EventType "swiss"]
[EventCountry "GER"]
[SourceTitle "playchess.com"]
[Source "ChessBase"]
[SourceQuality "1"]

1. d4 d5 2. c4 e6 3. Nf3 c6 4. e3 Nf6 5. Nc3 Nbd7 6. Bd3 Bd6 7. O-O O-O 8. e4 dxe4 9. Nxe4 Nxe4 10. Bxe4 h6 11. Bc2 Nf6 12. Qe2 c5 13. Be3 Qc7 14. dxc5 Bxc5 15. Bxc5 Qxc5 16. a3 b6 17. b4 Qc7 18. Ne5 Bb7 19. Rac1 Rfd8 20. Rfd1 Rxd1+ 21. Rxd1 Rd8 22. Rxd8+ Qxd8 23. Qd3 Qc7 24. Qd4 Kf8 25. f3 Ke7 26. Kf2 Nd7 27. Nxd7 Qxd7 28. Ke3 Qxd4+ 29. Kxd4 f6 30. c5 e5+ 31. Kc4 bxc5 32. Kxc5 h5 33. b5 h4 34. h3 Ke6 35. a4 g5 36. a5 f5 37. Bb3+ Ke7 38. Bd5 e4 39. fxe4 Bxd5 40. Kxd5 f4 1-0